000 02562cam a2200301 i 4500
003 SA-RiAUC
005 20251105133657.0
008 250813s2004 ts g b 00110cara c
024 0 _a00000000969182
040 _aSA-JeALM
_bara
_cSA-RiAUC
_dAE-DuMBRL
_erda
082 0 4 _a239.9
_qSA-RiAUC
090 _a239.9
_bا م ا
100 1 _aالإمام، أحمد علي،
_d1945-2012
_eمؤلف.
245 1 2 _aالصحبة والصحابة :
_bرسالة تأصيلية في تحقيق عدالة الصحابة وذكر فضائلهم رضى الله عنهم /
_cبقلم الأستاذ الدكتور أحمد بن علي الإمام.
264 1 _aدبي، الإمارات العربية المتحدة :
_bدار البحوث للدراسات الإسلامية وإحياء التراث،
_c2004
300 _a150 صفحة ؛
_c20 سم.
336 _aنص
_btxt
_2rdacontent
_3كتاب
337 _aبدون وسيط
_bn
_2rdamedia
338 _aمجلد
_bnc
_2rdacarrier
490 1 _aسلسلة الثقافة الإسلامية ؛
_v5
504 _aيشتمل على إرجاعات ببليوجرافية.
520 _aيتناول كتاب (الصحبة والصحابة) والذي قام بتأليفه د. أحمد علي الإمام، موضوع (الصحبة والصحابة) هذا الكتاب يجلي الكلمات الرائعة لعبد الله بن مسعود رضي الله عنه، في حق صحابة رسول الله صلى الله عليه وسلم، أولئك الذين جاهدوا واجتهدوا في سبيل الله، ونصرة الحق والمنافحة عن رسول الإسلام صلى الله عليه وسلم. وأن إثبات العدالة والفضل والسبق للصحابة من أمارات الإيمان الصادق بالبعثة النبوية الشريفة، بينما الطعن في عدالتهم من علامات الشقاق والنفاق، الذي يفتح الباب لفتنة دينية يخشى معها أن تؤدي إلى الخروج من الملة، لما ينطوي عليه ذلك من إنكار للشهادات القرآنية والنبوية بالفضل لسابقتهم، وحسن الذكر لسيرتهم.
650 7 _aالصحابة والتابعون
_xفضائل
_2aucsh
650 7 _aالصحابة والتابعون
_vتراجم
_2aucsh
830 0 _aسلسلة الثقافة الإسلامية (دار البحوث للدراسات الإسلامية والتراث)
_v5
942 _2ddc
_cBOOK
_n0
949 _aSA-JeALM
_d250813
_uosman123
_n1
999 _c10787
_d10787